[Event "110th YMCA Golden Autumn"]
[Site "Warszawa"]
[Date "2012.09.27"]
[Round "1"]
[White "Szymczak, Rafal"]
[Black "Denderski, Piotr"]
[Result "1/2-1/2"]
[WhiteElo "2063"]
[BlackElo "2240"]
[PlyCount "80"]
[EventDate "2012.09.21"]
[EventType "tourn"]
[EventRounds "1"]
[EventCountry "POL"]
[SourceDate "2012.09.19"]

1. f4 e5 2. fxe5 d6 3. exd6 Bxd6 4. Nf3 Bg4 5. e4 Qe7 6. Nc3 f5 7. d3 Nf6 8.
Bg5 fxe4 9. Nxe4 Nc6 10. Be2 O-O-O 11. Qd2 Rhe8 12. Bxf6 gxf6 13. O-O-O f5 14.
Nxd6+ Rxd6 15. Rde1 Re6 16. Kd1 Re3 17. c3 Qe6 18. b3 f4 19. h3 Bh5 20. Nd4
Bxe2+ 21. Nxe2 Qf5 22. Kc2 Qe5 23. Kd1 Qh5 24. Rhf1 Ne5 25. g4 Qxh3 26. Nxf4
Qxg4+ 27. Kc2 Rxe1 28. Rxe1 Rf8 29. Rxe5 Qxf4 30. d4 Qxd2+ 31. Kxd2 Rf2+ 32.
Ke3 Rxa2 33. Rh5 Ra3 34. Kd3 Rxb3 35. Rxh7 c6 36. Kc4 Rb5 37. Kd3 a5 38. Kc2 a4
39. Rh8+ Kc7 40. Ra8 Rg5 1/2-1/2

[Event "110th YMCA Golden Autumn"]
[Site "Warszawa"]
[Date "2012.09.21"]
[Round "1"]
[White "Sanz Losada, Victoriano"]
[Black "Kubeczko, Grzegorz"]
[Result "1/2-1/2"]
[WhiteElo "2130"]
[BlackElo "2040"]
[PlyCount "46"]
[EventDate "2012.09.21"]
[EventType "tourn"]
[EventRounds "1"]
[EventCountry "POL"]
[SourceDate "2012.09.19"]

1. d4 d5 2. c4 c6 3. e3 Nf6 4. Nf3 a6 5. Nc3 b5 6. c5 Nbd7 7. b3 g6 8. Bb2 Bg7
9. Qc2 O-O 10. a4 b4 11. Na2 a5 12. h3 Ne4 13. Bd3 Ba6 14. Nc1 Qc8 15. O-O f6
16. Bxa6 Qxa6 17. Nd3 Rae8 18. Nd2 Nxd2 19. Qxd2 e5 20. Rae1 e4 21. Nf4 f5 22.
Bc1 Nf6 23. Qe2 Qxe2 1/2-1/2

[Event "110th YMCA Golden Autumn"]
[Site "Warszawa"]
[Date "2012.09.18"]
[Round "1"]
[White "Kielar, Maciej"]
[Black "Liberadzki, Slawomir"]
[Result "1-0"]
[WhiteElo "2087"]
[BlackElo "2093"]
[PlyCount "63"]
[EventDate "2012.09.21"]
[EventType "tourn"]
[EventRounds "1"]
[EventCountry "POL"]
[SourceDate "2012.09.19"]

1. e4 c5 2. Nf3 e6 3. d4 cxd4 4. Nxd4 Nc6 5. Nc3 Qc7 6. Be3 a6 7. Bd3 Nf6 8.
Nxc6 bxc6 9. O-O Be7 10. f4 d6 11. Qf3 Bb7 12. a4 c5 13. f5 c4 14. Be2 d5 15.
fxe6 fxe6 16. Qh3 Bc8 17. Bh5+ Nxh5 18. Qxh5+ g6 19. Qe2 Bb7 20. exd5 exd5 21.
Bd4 O-O-O 22. Bxh8 Rxh8 23. Rae1 Bc5+ 24. Kh1 Qd7 25. Qe5 Rd8 26. Ne4 Bb6 27.
Ng5 Bc7 28. Qe7 Qxe7 29. Rxe7 Rd7 30. Rf8+ Bd8 31. Ne6 Rd6 32. Nxd8 1-0

[Event "110th YMCA Golden Autumn"]
[Site "Warszawa"]
[Date "2012.09.21"]
[Round "1"]
[White "Winiarski, Mikolaj"]
[Black "Szewczyk, Mariusz"]
[Result "0-1"]
[WhiteElo "2089"]
[BlackElo "2030"]
[Annotator "Admin"]
[PlyCount "66"]
[EventDate "2012.09.21"]
[EventType "tourn"]
[EventRounds "1"]
[EventCountry "POL"]
[SourceDate "2012.09.19"]

1. d4 Nf6 2. c4 e6 3. g3 d5 4. Bg2 b6 5. cxd5 exd5 6. Bg5 Bb7 7. Nf3 Be7 8. Nc3
O-O 9. O-O Ne4 10. Bxe7 Qxe7 11. Rc1 Nd7 12. Re1 f5 13. Nxe4 fxe4 14. Rxc7 exf3
15. exf3 Qd6 16. Rxb7 Qc6 17. Rxd7 Qxd7 18. f4 Rae8 19. Re5 Rxe5 20. fxe5 Rc8
21. h3 Rc4 22. b3 Rc3 $11 23. Qe1 Rc6 24. f4 Kf8 25. f5 Qxf5 26. Qb4+ Ke8 27.
Kh2 a6 28. h4 Qf2 29. Kh3 Rc2 30. Qa4+ b5 31. Qxa6 Qxg2+ 32. Kg4 Qe4+ 33. Kg5
h6+ 0-1

[Event "110th YMCA Golden Autumn"]
[Site "Warszawa"]
[Date "2012.09.21"]
[Round "1"]
[White "Kaczorowski, Piotr"]
[Black "Krasiewicz, Robert"]
[Result "0-1"]
[WhiteElo "2054"]
[BlackElo "2033"]
[PlyCount "92"]
[EventDate "2012.09.21"]
[EventType "tourn"]
[EventRounds "1"]
[EventCountry "POL"]
[SourceDate "2012.09.19"]

1. d4 f5 2. Nc3 Nf6 3. Bg5 d5 4. Nh3 c6 5. g3 e6 6. Bg2 Bd6 7. O-O O-O 8. Qd2
Nbd7 9. f3 e5 10. e3 h6 11. Bxf6 Nxf6 12. Nf2 e4 13. f4 Qe8 14. Rfb1 a5 15. Na4
Be6 16. Nc5 Bxc5 17. dxc5 Qe7 18. b4 axb4 19. Rxb4 Rfb8 20. Qd4 Nd7 21. Rab1
Nxc5 22. a4 Ra5 23. Qe5 Rba8 24. g4 Qf6 25. Qxf6 gxf6 26. gxf5 Bxf5 27. c4 d4
28. exd4 e3 29. dxc5 exf2+ 30. Kxf2 Bxb1 31. Rxb1 R8a7 32. Ke3 Rxc5 33. Kd4 Rh5
34. h3 Rha5 35. Be4 Rxa4 36. Rg1+ Kf7 37. Bg6+ Kf8 38. Bc2 Ra2 39. Bb3 Rb2 40.
Kc3 Rf2 41. c5 Rf3+ 42. Kb2 f5 43. Rg6 Ra5 44. Rg8+ Ke7 45. Rg7+ Kd8 46. Rxb7
Rb5 0-1

[Event "110th YMCA Golden Autumn"]
[Site "Warszawa"]
[Date "2012.09.26"]
[Round "1"]
[White "Malec, Sebastian"]
[Black "Choroszej, Aleksander"]
[Result "1-0"]
[WhiteElo "2108"]
[BlackElo "2131"]
[PlyCount "119"]
[EventDate "2012.09.21"]
[EventType "tourn"]
[EventRounds "1"]
[EventCountry "POL"]
[SourceDate "2012.09.19"]

1. e4 g6 2. d4 Bg7 3. Nc3 d6 4. Be3 a6 5. h3 Nd7 6. g4 b5 7. Bg2 Bb7 8. Nge2 c5
9. Ng3 e6 10. O-O Ne7 11. Nce2 cxd4 12. Bxd4 Be5 13. c3 Nc6 14. Be3 Qc7 15. f4
Bg7 16. a4 bxa4 17. Rxa4 Nb6 18. Ra2 Nc4 19. Bf2 a5 20. b3 Nb6 21. Rd2 Rd8 22.
Nd4 Ba6 23. Nxc6 Qxc6 24. e5 d5 25. c4 O-O 26. Qa1 a4 27. Rc1 Rc8 28. Rdd1 Qb7
29. c5 Nd7 30. bxa4 Rc6 31. Qd4 Rfc8 32. Ne4 dxe4 33. Qxd7 Qxd7 34. Rxd7 Bd3
35. Rxd3 exd3 36. Bxc6 Rxc6 37. Rd1 Bf8 38. Rxd3 Bxc5 39. Bxc5 Rxc5 40. Ra3 Ra5
41. g5 h6 42. h4 hxg5 43. hxg5 Kf8 44. Kf2 Ke7 45. Ke3 Kd7 46. Kd4 Kc6 47. Kc4
Rc5+ 48. Kb4 Rd5 49. Rc3+ Kb6 50. Rc4 Rd1 51. a5+ Kb7 52. Kb5 Rd5+ 53. Rc5 Rd7
54. a6+ Ka7 55. Ka5 Re7 56. Rc6 Rd7 57. Rd6 Re7 58. Kb4 Kb8 59. Kb5 Rc7 60. Kb6
1-0

[Event "110th YMCA Golden Autumn"]
[Site "Warszawa"]
[Date "2012.09.21"]
[Round "1"]
[White "Adamski, Andrzej"]
[Black "Zaczek, Jonathon"]
[Result "1-0"]
[WhiteElo "2265"]
[BlackElo "2118"]
[PlyCount "53"]
[EventDate "2012.09.21"]
[EventType "tourn"]
[EventRounds "1"]
[EventCountry "POL"]
[SourceDate "2012.09.19"]

1. e4 c5 2. Nf3 d6 3. b4 b6 4. bxc5 bxc5 5. Nc3 g6 6. Bc4 Nf6 7. e5 dxe5 8.
Nxe5 Be6 9. Bxe6 fxe6 10. O-O Bg7 11. Qf3 Nbd7 12. Qc6 Rc8 13. Qxe6 Nxe5 14.
Qxe5 O-O 15. Rb1 Qd7 16. d3 Kh8 17. Bb2 Ng4 18. Qe2 Rb8 19. Nd1 Rxb2 20. Rxb2
Qd4 21. c3 Qf4 22. g3 Qa4 23. Rb7 Ne5 24. f4 Nc6 25. Qe4 Qa6 26. Rc7 Rc8 27.
Qc4 1-0

[Event "110th YMCA Golden Autumn"]
[Site "Warszawa"]
[Date "2012.09.14"]
[Round "2"]
[White "Zaczek, Jonathon"]
[Black "Denderski, Piotr"]
[Result "0-1"]
[WhiteElo "2118"]
[BlackElo "2240"]
[PlyCount "56"]
[EventDate "2012.09.21"]
[EventType "tourn"]
[EventRounds "1"]
[EventCountry "POL"]
[SourceDate "2012.09.19"]

1. e4 c5 2. Nf3 Nc6 3. d4 cxd4 4. Nxd4 Nf6 5. Nc3 d6 6. Bc4 Qb6 7. Nde2 e6 8.
Bb3 Be7 9. Be3 Qc7 10. Qd2 a6 11. O-O-O O-O 12. Ng3 Na5 13. f4 Nxb3+ 14. axb3
Rd8 15. Rhf1 b5 16. f5 Bd7 17. Bg5 b4 18. Nce2 Rac8 19. fxe6 fxe6 20. Nd4 Rf8
21. Kb1 a5 22. Rf3 Qc5 23. Rdf1 a4 24. bxa4 Bxa4 25. Nb3 Bxb3 26. Rxb3 Nxe4 27.
Qxb4 Rxf1+ 28. Nxf1 Qxb4 0-1

[Event "110th YMCA Golden Autumn"]
[Site "Warszawa"]
[Date "2012.09.28"]
[Round "2"]
[White "Choroszej, Aleksander"]
[Black "Adamski, Andrzej"]
[Result "0-1"]
[WhiteElo "2131"]
[BlackElo "2265"]
[PlyCount "62"]
[EventDate "2012.09.21"]
[EventType "tourn"]
[EventRounds "1"]
[EventCountry "POL"]
[SourceDate "2012.09.19"]

1. d4 Nf6 2. c4 g6 3. Nc3 Bg7 4. e4 d6 5. f4 O-O 6. Nf3 c5 7. d5 e6 8. Be2 exd5
9. cxd5 Re8 10. e5 dxe5 11. fxe5 Ng4 12. e6 fxe6 13. d6 Nc6 14. O-O Nd4 15. Ne4
Bd7 16. Bg5 Qb6 17. Nfd2 h6 18. Nc4 Qc6 19. Bd3 e5 20. Nf6+ Nxf6 21. Bxf6 e4
22. Be2 b5 23. Bh5 bxc4 24. Bxg6 Rf8 25. Qh5 Qxd6 26. Bxe4 Rae8 27. Qg6 Rxf6
28. Rxf6 Qxf6 29. Qh7+ Kf8 30. g3 Nf3+ 31. Kh1 Ng5 0-1

[Event "110th YMCA Golden Autumn"]
[Site "Warszawa"]
[Date "2012.09.28"]
[Round "2"]
[White "Krasiewicz, Robert"]
[Black "Malec, Sebastian"]
[Result "1/2-1/2"]
[WhiteElo "2033"]
[BlackElo "2108"]
[Annotator "Admin"]
[PlyCount "42"]
[EventDate "2012.09.21"]
[EventType "tourn"]
[EventRounds "1"]
[EventCountry "POL"]
[SourceDate "2012.09.19"]

1. Nf3 f5 2. e4 fxe4 3. Ng5 Nf6 4. d3 d5 5. dxe4 h6 6. Nf3 dxe4 7. Qxd8+ Kxd8
8. Ne5 Be6 9. Nc3 Nbd7 10. Bf4 g5 11. Bg3 Bg7 12. O-O-O c6 13. Nxd7 Bxd7 14.
Bc4 Kc8 15. Rhe1 b5 16. Bb3 Bf5 17. f3 Kb7 18. Bf2 Rad8 19. Rxd8 Rxd8 20. Nxe4
Nxe4 21. fxe4 Bg6 $11 1/2-1/2

[Event "110th YMCA Golden Autumn"]
[Site "Warszawa"]
[Date "2012.09.26"]
[Round "2"]
[White "Szewczyk, Mariusz"]
[Black "Kaczorowski, Piotr"]
[Result "0-1"]
[WhiteElo "2030"]
[BlackElo "2054"]
[PlyCount "96"]
[EventDate "2012.09.21"]
[EventType "tourn"]
[EventRounds "1"]
[EventCountry "POL"]
[SourceDate "2012.09.19"]

1. e4 c6 2. d4 d5 3. Nc3 dxe4 4. Nxe4 Bf5 5. Nc5 Qc7 6. Nf3 Nf6 7. Bd3 Bxd3 8.
Nxd3 e6 9. O-O Bd6 10. b3 Nbd7 11. Bb2 O-O 12. Nfe5 Rfd8 13. f4 c5 14. Rf3 cxd4
15. Bxd4 Nc5 16. Qe2 Nxd3 17. Nxd3 Be7 18. c3 Nd5 19. Rc1 Bf6 20. Ne5 Ne7 21.
Rd1 Nf5 22. Qe4 Nxd4 23. cxd4 g6 24. g4 Rac8 25. g5 Bg7 26. Rfd3 Rd5 27. Re1
Qd8 28. h4 b5 29. Red1 a5 30. h5 Bxe5 31. dxe5 Qb6+ 32. Kh1 Rxd3 33. Qxd3 gxh5
34. f5 Qc6+ 35. Kg1 Qc5+ 36. Qd4 exf5 37. Qxc5 Rxc5 38. Rd8+ Kg7 39. Re8 b4 40.
Kf2 Rc2+ 41. Kg3 Rxa2 42. Re7 Kf8 43. Ra7 a4 44. bxa4 b3 45. Kf4 h4 46. Kxf5 h3
47. Ra8+ Kg7 48. e6 fxe6+ 0-1

[Event "110th YMCA Golden Autumn"]
[Site "Warszawa"]
[Date "2012.09.25"]
[Round "2"]
[White "Liberadzki, Slawomir"]
[Black "Winiarski, Mikolaj"]
[Result "1/2-1/2"]
[WhiteElo "2093"]
[BlackElo "2089"]
[Annotator "Admin"]
[PlyCount "162"]
[EventDate "2012.09.21"]
[EventType "tourn"]
[EventRounds "1"]
[EventCountry "POL"]
[SourceDate "2012.09.19"]

1. c4 g6 2. Nc3 Bg7 3. d4 d6 4. e4 Nd7 5. Be3 e5 6. Nge2 Ne7 7. Qd2 O-O 8. Bh6
f5 9. Bxg7 Kxg7 10. O-O-O fxe4 11. Nxe4 Nf5 12. h4 Nf6 13. f3 exd4 14. Nxd4
Nxe4 15. fxe4 Nxd4 16. Qxd4+ Qf6 17. Be2 Qxd4 18. Rxd4 Re8 19. Bf3 Rb8 20. Re1
Kf6 21. Rf1 Be6 22. c5 dxc5 23. Ra4 a6 24. Ra5 b6 25. Rxa6 Ke5 26. Ra7 Rec8 27.
Kc2 Ra8 28. Rxa8 Rxa8 29. Rd1 Rxa2 30. Rd8 Ra7 31. Re8 Kf6 32. e5+ Kf7 33. Rh8
Kg7 34. Re8 Kf7 35. Rh8 Bf5+ 36. Kc3 Ke6 37. g4 Bb1 38. Re8+ Kd7 39. Rh8 $11 g5
40. hxg5 Bg6 41. Bd5 c6 42. Bb3 Ra1 43. e6+ Ke7 44. Rb8 b5 45. Rb7+ Ke8 46.
Rb8+ Ke7 47. Rb7+ Kd8 48. e7+ Ke8 49. Be6 Rd1 50. Bf5 Rd5 51. Bxg6+ hxg6 52.
Rc7 Rxg5 53. Kd3 Rxg4 54. Ke3 c4 55. Kf3 Rg5 56. Kf4 Rc5 57. Ke4 Rg5 58. Kf4
Rf5+ 59. Ke4 c5 60. Rb7 b4 61. Rc7 Rh5 62. Rb7 Rf5 63. Rc7 b3 64. Rb7 Rf7 65.
Kd5 Rxe7 66. Rb8+ Kf7 67. Kxc4 Re5 68. Rxb3 g5 69. Rb6 g4 70. b4 cxb4 71. Kd4
Re8 72. Kd3 b3 73. Kd2 b2 74. Rxb2 Kf6 75. Rb3 Kf5 76. Re3 Ra8 77. Ke2 Kf4 78.
Rb3 Kg5 79. Kf2 Kh4 80. Kg2 Ra4 81. Rc3 Ra2+ 1/2-1/2

[Event "110th YMCA Golden Autumn"]
[Site "Warszawa"]
[Date "2012.09.26"]
[Round "2"]
[White "Kubeczko, Grzegorz"]
[Black "Kielar, Maciej"]
[Result "1-0"]
[WhiteElo "2040"]
[BlackElo "2087"]
[PlyCount "91"]
[EventDate "2012.09.21"]
[EventType "tourn"]
[EventRounds "1"]
[EventCountry "POL"]
[SourceDate "2012.09.19"]

1. c4 g6 2. g3 Bg7 3. Bg2 e5 4. Nc3 Ne7 5. e4 O-O 6. Nge2 d6 7. d4 c6 8. Be3
Qc7 9. O-O f6 10. c5 dxc5 11. dxe5 fxe5 12. Qb3+ Kh8 13. Bxc5 Na6 14. Be3 Rf6
15. Bg5 Be6 16. Qa3 Rf7 17. Rac1 Ng8 18. b3 Bf8 19. Qb2 Nc5 20. Rfd1 Nf6 21. b4
Qb6 22. Rc2 Ncd7 23. a3 Ng4 24. Nf4 Bc4 25. Nb1 Bg7 26. Nd3 Be6 27. h3 h6 28.
Bc1 Ngf6 29. Be3 Qc7 30. Nc3 Re8 31. Nb5 Qb8 32. Nxa7 Kh7 33. b5 c5 34. Nxc5
Nb6 35. Nxe6 Rxe6 36. Qb3 Rfe7 37. Bxb6 Rxb6 38. Nc8 Rd7 39. Rxd7 Nxd7 40. Nxb6
Nxb6 41. Qf7 Na8 42. Qd7 Qa7 43. Qd6 Qa5 44. Bf1 h5 45. h4 Kh6 46. Qd2+ 1-0

[Event "110th YMCA Golden Autumn"]
[Site "Warszawa"]
[Date "2012.09.28"]
[Round "2"]
[White "Szymczak, Rafal"]
[Black "Sanz Losada, Victoriano"]
[Result "1/2-1/2"]
[WhiteElo "2063"]
[BlackElo "2130"]
[Annotator "Admin"]
[PlyCount "41"]
[EventDate "2012.09.21"]
[EventType "tourn"]
[EventRounds "1"]
[EventCountry "POL"]
[SourceDate "2012.09.19"]

1. f4 g6 2. Nf3 Bg7 3. g3 Nf6 4. Bg2 d6 5. d3 O-O 6. O-O e5 7. e4 h6 8. c3 Nc6
9. Na3 Rb8 10. Nc2 Re8 11. Ne3 exf4 12. gxf4 Nh5 13. f5 Nf4 14. fxg6 fxg6 15.
Nf5 Nxg2 16. Nxg7 Kxg7 17. Kxg2 Rf8 18. Qe1 Qd7 19. Qg3 Qg4 20. Be3 Qxg3+ 21.
Kxg3 $11 1/2-1/2

[Event "110th YMCA Golden Autumn"]
[Site "Warszawa"]
[Date "2012.10.11"]
[Round "3"]
[White "Sanz Losada, Victoriano"]
[Black "Denderski, Piotr"]
[Result "0-1"]
[WhiteElo "2130"]
[BlackElo "2240"]
[PlyCount "104"]
[EventDate "2012.09.21"]
[EventType "tourn"]
[EventRounds "1"]
[EventCountry "POL"]
[SourceDate "2012.09.19"]

1. e4 c5 2. Nf3 e6 3. d4 cxd4 4. Nxd4 a6 5. Bd3 Nf6 6. Nc3 d6 7. f4 Be7 8. Qf3
Qc7 9. g4 Nc6 10. Nde2 b5 11. Be3 Nd7 12. O-O Bb7 13. Ng3 Nc5 14. g5 g6 15. Nd1
d5 16. Nf2 dxe4 17. Ngxe4 Nxd3 18. cxd3 h5 19. Rac1 Qd7 20. Bc5 Nd4 21. Bxd4
Qxd4 22. Nf6+ Bxf6 23. Qxb7 O-O 24. gxf6 Qxf6 25. Rc2 Qxf4 26. Qe4 Qg5+ 27. Kh1
Rac8 28. Nh3 Qh6 29. Rg2 Rc5 30. Rfg1 Rf5 31. Ng5 Kh8 32. Nxe6 Re8 33. Qd4+ Kg8
34. Ng5 Qg7 35. Qd7 Ree5 36. Qc8+ Qf8 37. Qxa6 Qe7 38. Ne4 Re6 39. Qc8+ Kg7 40.
Qc3+ Kg8 41. Rc2 h4 42. Qc7 Rxe4 43. Qc8+ Kh7 44. dxe4 Qxe4+ 45. Rcg2 h3 46.
Qc2 hxg2+ 47. Qxg2 Qh4 48. Qg3 Qe4+ 49. Qg2 Qh4 50. Qg3 Qf6 51. Qc3 Qe6 52. a3
Qe4+ 0-1

[Event "110th YMCA Golden Autumn"]
[Site "Warszawa"]
[Date "2012.10.05"]
[Round "3"]
[White "Kielar, Maciej"]
[Black "Szymczak, Rafal"]
[Result "1/2-1/2"]
[WhiteElo "2087"]
[BlackElo "2063"]
[Annotator "Admin"]
[PlyCount "30"]
[EventDate "2012.09.21"]
[EventType "tourn"]
[EventRounds "1"]
[EventCountry "POL"]
[SourceDate "2012.09.19"]

1. e4 c6 2. d4 d5 3. Nc3 dxe4 4. Nxe4 Bf5 5. Ng3 Bg6 6. h4 h6 7. h5 Bh7 8. Nf3
Nd7 9. Bd3 Bxd3 10. Qxd3 e6 11. Bf4 Qa5+ 12. Bd2 Qc7 13. O-O-O Ngf6 14. Ne4
Nxe4 15. Qxe4 Nf6 $11 1/2-1/2

[Event "110th YMCA Golden Autumn"]
[Site "Warszawa"]
[Date "2012.10.05"]
[Round "3"]
[White "Winiarski, Mikolaj"]
[Black "Kubeczko, Grzegorz"]
[Result "1-0"]
[WhiteElo "2089"]
[BlackElo "2040"]
[PlyCount "87"]
[EventDate "2012.09.21"]
[EventType "tourn"]
[EventRounds "1"]
[EventCountry "POL"]
[SourceDate "2012.09.19"]

1. d4 d5 2. Nc3 c6 3. Bf4 g6 4. Qd2 Bg7 5. O-O-O Nf6 6. f3 O-O 7. e4 dxe4 8.
fxe4 Bg4 9. Re1 Qa5 10. h3 Be6 11. Kb1 Rd8 12. Nf3 b5 13. b3 Na6 14. Nxb5 Qxd2
15. Bxd2 cxb5 16. Bxb5 Nc7 17. Bc6 Rab8 18. Ba5 Nfe8 19. Bxe8 Nxe8 20. Bxd8
Rxd8 21. d5 Bc8 22. c4 Nd6 23. g4 f5 24. e5 Ne4 25. e6 Rf8 26. gxf5 Nc3+ 27.
Kc2 Rxf5 28. Nd2 Nxa2 29. Rhf1 Nb4+ 30. Kd1 Rxf1 31. Rxf1 Bb7 32. Rf7 Bf8 33.
d6 Nc6 34. Ne4 Bc8 35. d7 Bxd7 36. Nf6+ exf6 37. Rxd7 a5 38. Rc7 Ne7 39. c5 Nd5
40. Rd7 Ne3+ 41. Ke2 Bxc5 42. Rc7 Bd4 43. Rc8+ Kg7 44. e7 1-0

[Event "110th YMCA Golden Autumn"]
[Site "Warszawa"]
[Date "2012.10.17"]
[Round "3"]
[White "Malec, Sebastian"]
[Black "Szewczyk, Mariusz"]
[Result "1-0"]
[WhiteElo "2108"]
[BlackElo "2030"]
[PlyCount "87"]
[EventDate "2012.09.21"]
[EventType "tourn"]
[EventRounds "1"]
[EventCountry "POL"]
[SourceDate "2012.09.19"]

1. Nf3 d6 2. e4 g6 3. d4 Bg7 4. Bc4 Nf6 5. Qe2 O-O 6. Nc3 c6 7. Bg5 d5 8. Bd3
dxe4 9. Nxe4 h6 10. Bh4 Bg4 11. c3 Nd5 12. Bg3 Nd7 13. h3 Bxf3 14. Qxf3 f5 15.
Nd2 e5 16. Bc4 e4 17. Qe2 Kh8 18. Bd6 Rf6 19. Ba3 Nf4 20. Qf1 Nb6 21. O-O-O
Nxc4 22. Nxc4 Nd3+ 23. Kb1 Qd5 24. Ne5 Nxe5 25. dxe5 Qxe5 26. Rd7 b5 27. Qc1
Re6 28. Rhd1 a5 29. Bd6 Qf6 30. Bc5 Qg5 31. Be3 Qh5 32. g4 Qh4 33. gxf5 gxf5
34. Rxg7 Kxg7 35. Rd7+ Re7 36. Bxh6+ Kg6 37. Rd6+ Kf7 38. Bg5 Qxf2 39. Qd1 Rh8
40. Qb3+ Ke8 41. Bxe7 e3 42. Qe6 Qe1+ 43. Kc2 Qe2+ 44. Kc1 1-0

[Event "110th YMCA Golden Autumn"]
[Site "Warszawa"]
[Date "2012.10.05"]
[Round "3"]
[White "Adamski, Andrzej"]
[Black "Krasiewicz, Robert"]
[Result "1/2-1/2"]
[WhiteElo "2265"]
[BlackElo "2033"]
[PlyCount "82"]
[EventDate "2012.09.21"]
[EventType "tourn"]
[EventRounds "1"]
[EventCountry "POL"]
[SourceDate "2012.09.19"]

1. e4 d5 2. exd5 Qxd5 3. Nc3 Qd6 4. d4 Nf6 5. Nf3 a6 6. g3 Bg4 7. Bf4 Qb4 8.
Bg2 Qxb2 9. Ne2 Qa3 10. c3 c6 11. O-O Nd5 12. Bc1 Qa5 13. Bd2 Qd8 14. Qb3 Bc8
15. Ne5 Nd7 16. f4 f5 17. c4 N5f6 18. Qa4 e6 19. Ba5 Qe7 20. c5 Nxe5 21. fxe5
Nd5 22. Rab1 g5 23. Nc3 Kf7 24. Ne4 Kg6 25. Nd6 Qg7 26. Bxd5 exd5 27. Ne8 Qe7
28. Nc7 Rb8 29. Qb3 Bg7 30. Qb6 h5 31. Qa7 Bd7 32. Nxa6 Ra8 33. Qxb7 g4 34. Bc7
h4 35. Bd6 Qd8 36. Nb8 Rxa2 37. Qxd7 Qxd7 38. Nxd7 hxg3 39. hxg3 Rhh2 40. Rf4
Rag2+ 41. Kf1 Ra2 1/2-1/2

[Event "110th YMCA Golden Autumn"]
[Site "Warszawa"]
[Date "2012.10.05"]
[Round "3"]
[White "Zaczek, Jonathon"]
[Black "Choroszej, Aleksander"]
[Result "1-0"]
[WhiteElo "2118"]
[BlackElo "2131"]
[PlyCount "43"]
[EventDate "2012.09.21"]
[EventType "tourn"]
[EventRounds "1"]
[EventCountry "POL"]
[SourceDate "2012.09.19"]

1. e4 g6 2. d4 Bg7 3. Nf3 d6 4. Bd3 Nc6 5. d5 Ne5 6. Nxe5 Bxe5 7. f4 Bg7 8. O-O
Nf6 9. c4 O-O 10. Nc3 c6 11. Kh1 Bg4 12. Qe1 cxd5 13. cxd5 Rc8 14. f5 gxf5 15.
exf5 Rxc3 16. Qxc3 Qb6 17. Qe1 Qd4 18. Qe3 Qxd5 19. h3 Bh5 20. Bd2 Nd7 21. Be4
Qb5 22. g4 1-0

[Event "110th YMCA Golden Autumn"]
[Site "Warszawa"]
[Date "2012.10.12"]
[Round "4"]
[White "Denderski, Piotr"]
[Black "Choroszej, Aleksander"]
[Result "0-1"]
[WhiteElo "2240"]
[BlackElo "2131"]
[PlyCount "78"]
[EventDate "2012.09.21"]
[EventType "tourn"]
[EventRounds "1"]
[EventCountry "POL"]
[SourceDate "2012.09.19"]

1. d4 g6 2. c4 Bg7 3. e4 c5 4. d5 d6 5. Bd3 e6 6. Nc3 exd5 7. cxd5 Nf6 8. Nge2
O-O 9. O-O a6 10. a4 Nbd7 11. h3 Re8 12. f4 c4 13. Bc2 Nc5 14. Ng3 h5 15. Qe2
h4 16. Nh1 Nfxe4 17. Nxe4 Bf5 18. Nhf2 Bxe4 19. Nxe4 Nxe4 20. Bxe4 f5 21. Qxc4
Rxe4 22. Qb3 Qa5 23. Qxb7 Rae8 24. Ra3 Qc5+ 25. Kh2 Re1 26. Qd7 Kh7 27. Rxe1
Rxe1 28. Be3 Rxe3 29. Qd8 Rxa3 30. Qxh4+ Kg8 31. Qd8+ Bf8 32. bxa3 Qxd5 33. Qe8
Kg7 34. Qd7+ Qf7 35. Qc6 Qa7 36. Qc3+ Kh7 37. Qf6 Qe7 38. Qb2 Qe3 39. Qb7+ Bg7
0-1

[Event "110th YMCA Golden Autumn"]
[Site "Warszawa"]
[Date "2012.10.18"]
[Round "4"]
[White "Krasiewicz, Robert"]
[Black "Zaczek, Jonathon"]
[Result "0-1"]
[WhiteElo "2033"]
[BlackElo "2118"]
[PlyCount "84"]
[EventDate "2012.09.21"]
[EventType "tourn"]
[EventRounds "1"]
[EventCountry "POL"]
[SourceDate "2012.09.19"]

1. d4 Nf6 2. c4 g6 3. g3 Bg7 4. Bg2 d5 5. cxd5 Nxd5 6. Nf3 Nc6 7. O-O O-O 8.
Nc3 Nb6 9. e3 Re8 10. Re1 a5 11. Qe2 Be6 12. Rd1 Bc4 13. Qc2 Nb4 14. Qb1 e5 15.
Nxe5 Bxe5 16. b3 Bd3 17. Rxd3 Nxd3 18. Qxd3 c5 19. Nb5 cxd4 20. exd4 Qd7 21.
Bg5 Bg7 22. Rd1 a4 23. Bf4 g5 24. Bxg5 Ra5 25. Bf1 Qg4 26. h4 h6 27. b4 hxg5
28. bxa5 Nd5 29. Bg2 Rd8 30. hxg5 Qxg5 31. Qc4 Nf6 32. d5 Ng4 33. d6 Qh5 34.
Rd5 Qh2+ 35. Kf1 Nf6 36. Rg5 Qh7 37. Bxb7 Qh3+ 38. Kg1 Re8 39. Bg2 Re1+ 40. Bf1
Ne4 41. Qd3 Nxg5 42. d7 Nf3+ 0-1

[Event "110th YMCA Golden Autumn"]
[Site "Warszawa"]
[Date "2012.10.12"]
[Round "4"]
[White "Szewczyk, Mariusz"]
[Black "Adamski, Andrzej"]
[Result "0-1"]
[WhiteElo "2030"]
[BlackElo "2265"]
[PlyCount "54"]
[EventDate "2012.09.21"]
[EventType "tourn"]
[EventRounds "1"]
[EventCountry "POL"]
[SourceDate "2012.09.19"]

1. e4 d6 2. d4 g6 3. Bc4 Bg7 4. Nf3 Nf6 5. Nc3 Nxe4 6. Bxf7+ Kxf7 7. Nxe4 Rf8
8. Bg5 Kg8 9. Qd2 Bg4 10. O-O-O Rxf3 11. gxf3 Bxf3 12. Rde1 Bxh1 13. Rxh1 Nc6
14. h4 d5 15. Nc5 Nxd4 16. Qe3 Qd6 17. Bxe7 Qb6 18. Re1 Re8 19. Nb3 Nf5 20.
Qxb6 axb6 21. Bb4 Rxe1+ 22. Bxe1 Nxh4 23. Bd2 Nf3 24. Be3 h5 25. c3 h4 26. Nd2
Nxd2 27. Kxd2 h3 0-1

[Event "110th YMCA Golden Autumn"]
[Site "Warszawa"]
[Date "2012.10.12"]
[Round "4"]
[White "Kubeczko, Grzegorz"]
[Black "Kaczorowski, Piotr"]
[Result "0-1"]
[WhiteElo "2040"]
[BlackElo "2054"]
[PlyCount "78"]
[EventDate "2012.09.21"]
[EventType "tourn"]
[EventRounds "1"]
[EventCountry "POL"]
[SourceDate "2012.09.19"]

1. c4 c5 2. g3 e6 3. Nf3 Nc6 4. Bg2 Nf6 5. O-O d5 6. cxd5 exd5 7. d4 Be7 8. Nc3
O-O 9. Bg5 h6 10. Bxf6 Bxf6 11. dxc5 Bxc3 12. bxc3 Be6 13. Nd4 Qa5 14. Nxc6
bxc6 15. Qd4 Rab8 16. f4 Bf5 17. a4 Rfe8 18. Bf3 Be4 19. g4 Rb2 20. Rfe1 Qa6
21. Bxe4 Rxe4 22. Qd3 Qxd3 23. exd3 Rxf4 24. h3 Rf3 25. Rab1 Ra2 26. Ra1 Rxa1
27. Rxa1 Rxd3 28. Rc1 Rxh3 29. Kg2 Re3 30. c4 dxc4 31. Rxc4 Kh7 32. Rb4 Ra3 33.
Rd4 a5 34. Kf2 f6 35. Rd6 Rxa4 36. Kf3 Rc4 37. Rxc6 a4 38. Ra6 Rxc5 39. Rxa4 h5
0-1